000 01021nam a22002655i 4500
001 67156
003 ES-MaACL
005 20250806062534.0
007 t|
008 930415s1989 sp ||||0| spa d
020 _a84-7812-062-9
040 _aM-BN
_bspa
_cM-BN
080 _a712.25(460.27 M.):58(091)
100 1 _aDiego Calonge, Francisco de.
_944554
245 1 3 _aEl Real Jardín Botánico de Madrid /
_cpor Francisco de Diego Calonge.
260 _aMadrid :
_bAyuntamiento de Madrid, Area de Cultura, Educación, Juventud y Deportes :
_bInstituto de Estudios Madrileños,
_c1989.
300 _a26 p., [12] p. de lám ;
_c22 cm.
490 1 _aCiclo de conferencias: El Madrid de Carlos III ;
_v24
504 _aBibliografía: p. 23-24.
610 2 7 _aReal Jardín Botánico-
_vHistoria.
_96360
710 2 _aInstituto de Estudios Madrileños
_94916
830 0 0 _aCiclo de conferencias: El Madrid de Carlos III
_v24
_9180033
852 _aES-MaACL
_j2172-F-25
_bR.133729
999 _c67156
_d67156